[Event "Let's Play Chess!"]
[Site "http://www.queenalice.com/game.php?id=29386"]
[Date "2005.9.18"]
[Round "-"]
[White "OharaLiChung"]
[Black "Edgar"]
[Result "1-0"]
[WhiteElo "1276"]
[BlackElo "1520"]

1. f4 e6 2. Nf3 d5 3. d4 Nf6 4. Ne5 Qe7 5. h3 Ne4 6. Qd3 a6 7. Nc3 f5 8. Nxe4
dxe4 9. Qa3 Qh4+ 10. g3 Qd8 11. Qe3 b5 12. b3 Bd6 13. Bb2 Bxe5 14. dxe5 Nc6 15.
Rd1 Qe7 16. Qc3 Bd7 17. e3 O-O 18. Be2 Rad8 19. Bh5 g6 20. Be2 b4 21. Qc4 a5 22.
a4 Rb8 23. h4 Rb7 24. g4 Nb8 25. Rg1 Qxh4+ 26. Kf1 Qh3+ 27. Ke1 Qxe3 28. Rxd7
Nxd7 29. Qxe6+ Rf7 30. Qe8+ Rf8 31. Qxd7 Qxg1+ 32. Kd2 Qc5 33. Bc4+ 1-0

[Event "Let's Play Chess!"]
[Site "http://www.queenalice.com/game.php?id=29387"]
[Date "2005.9.18"]
[Round "-"]
[White "Edgar"]
[Black "OharaLiChung"]
[Result "1-0"]
[WhiteElo "1460"]
[BlackElo "1285"]

1. e4 d5 2. e5 d4 3. b4 Qd5 4. Nf3 Qe4+ 5. Be2 f6 6. d3 Qg4 7. O-O h5 8. h3 Qg6
9. Nxd4 fxe5 10. Nf3 Bxh3 11. Ng5 Qf5 12. Nxh3 Nf6 13. Nc3 c6 14. Na4 e6 15. a3
b5 16. Nc5 Bxc5 17. bxc5 Nbd7 18. Ng5 Ng4 19. Ne4 Ndf6 20. Nd6+ Ke7 21. Bf3 Qh7
22. Bxc6 Nxf2 23. Kxf2 Ng4+ 24. Kg1 Rhf8 25. Bxa8 Rxa8 26. Rf7+ Kd8 27. Bg5+ Nf6
28. Bxf6+ gxf6 29. Rxh7 Rb8 30. Qxh5 1-0

[Event "AUTO-OPEN-154"]
[Site "http://www.queenalice.com/game.php?id=31510"]
[Date "2005.10.4"]
[Round "1"]
[White "OharaLiChung"]
[Black "jas70"]
[Result "0-1"]
[WhiteElo "1316"]
[BlackElo "1631"]

1. d3 d5 2. e4 dxe4 3. dxe4 Qxd1+ 4. Kxd1 Nc6 5. Bb5 Bd7 6. a4 O-O-O 7. Bd2 e5
8. Nf3 f6 9. Be3 Bb4 10. c3 Ba5 11. b4 Bg4+ 12. Nd2 Bxf3+ 13. gxf3 Bb6 14. Bxb6
cxb6 15. a5 bxa5 16. bxa5 a6 17. Bxc6 bxc6 18. Kc2 Ne7 19. Ra3 Kc7 20. Rb1 Rb8
21. Nb3 Rb5 22. c4 Rb4 23. Kc3 c5 0-1

[Event "AUTO-OPEN-154"]
[Site "http://www.queenalice.com/game.php?id=31511"]
[Date "2005.10.4"]
[Round "1"]
[White "jas70"]
[Black "OharaLiChung"]
[Result "1-0"]
[WhiteElo "1627"]
[BlackElo "1320"]

1. e4 b6 2. f4 Bb7 3. Nc3 Nc6 4. Nf3 e6 5. d4 d6 6. Bb5 Ne7 7. O-O a6 8. Ba4 Qd7
9. d5 b5 10. dxc6 Bxc6 11. Bb3 d5 12. Ne5 Qd6 13. Qd4 f6 14. Ng4 Ng6 15. e5 Qc5
16. Qxc5 Bxc5+ 17. Kh1 f5 18. Nf2 O-O-O 19. a4 b4 20. Nd3 Ba7 21. Nxb4 Bd7 22.
Nxa6 Bc6 23. Nb5 1-0

[Event "AUTO-OPEN-154"]
[Site "http://www.queenalice.com/game.php?id=31512"]
[Date "2005.10.4"]
[Round "1"]
[White "OharaLiChung"]
[Black "ENDHER"]
[Result "0-1"]
[WhiteElo "1298"]
[BlackElo "1742"]

1. b4 e5 2. d4 Bxb4+ 3. c3 Ba5 4. d5 Bb6 5. e4 Qf6 6. Nh3 d6 7. Bg5 Qg6 8. Bd3
Bxh3 9. Qd2 Bxg2 10. Rg1 Bxe4 11. Bxe4 Qxe4+ 12. Be3 Bxe3 13. Qxe3 Qxd5 14. Nd2
Nf6 15. Rxg7 Nbd7 16. c4 Qh1+ 17. Nf1 Qc6 18. f4 Qxc4 19. fxe5 Nxe5 20. Rc1 Qe6
21. Qf4 Nd3+ 22. Kd2 Nxf4 23. Ne3 Ne4+ 24. Kc2 Qxa2+ 25. Kd1 Qd2# 0-1

[Event "AUTO-OPEN-154"]
[Site "http://www.queenalice.com/game.php?id=31513"]
[Date "2005.10.4"]
[Round "1"]
[White "ENDHER"]
[Black "OharaLiChung"]
[Result "1-0"]
[WhiteElo "1761"]
[BlackElo "1296"]

1. d4 f6 2. c4 c6 3. Nc3 e6 4. e4 Bb4 5. Nf3 d5 6. exd5 exd5 7. Bd3 Bg4 8. O-O
Qd6 9. c5 Qc7 10. Re1+ Ne7 11. h3 Bxf3 12. Qxf3 Nd7 13. Bf4 Ne5 14. dxe5 fxe5
15. Bxe5 Qd7 16. Qg3 Rg8 17. Bxh7 Nf5 18. Bxg7+ Kd8 19. Qg5+ Kc7 20. Be5+ Nd6
21. Bxd6+ Qxd6 22. cxd6+ Bxd6 23. Bxg8 Rf8 24. Qg7+ Kb6 25. Bxd5 Bc5 26. Na4+
Kb5 27. Nxc5 Rf5 28. Qxb7+ Kxc5 29. Red1 a5 30. a3 Rxd5 31. Rac1+ Kd6 32. Qxc6+
1-0

[Event "AUTO-INT-47"]
[Site "http://www.queenalice.com/game.php?id=31960"]
[Date "2005.10.6"]
[Round "1"]
[White "OharaLiChung"]
[Black "dlabedz"]
[Result "1-0"]
[WhiteElo "1294"]
[BlackElo "1249"]

1. Nf3 Nc6 2. e4 Nf6 3. e5 Ne4 4. Nc3 f6 5. Nxe4 g5 6. d4 g4 7. d5 Nxe5 8. Nxe5
fxe5 9. Bg5 h6 10. Qd2 c6 11. Bh4 Qb6 12. Bd3 cxd5 13. Nc3 e6 14. Na4 Qc6 15.
O-O Qxa4 16. g3 b6 17. Bg6# 1-0

[Event "AUTO-INT-47"]
[Site "http://www.queenalice.com/game.php?id=31961"]
[Date "2005.10.6"]
[Round "1"]
[White "dlabedz"]
[Black "OharaLiChung"]
[Result "0-1"]
[WhiteElo "1213"]
[BlackElo "1336"]

1. f4 f5 2. Nc3 c6 3. Nf3 b6 4. a3 Qc7 5. g3 Nf6 6. b4 Ba6 7. d3 d5 8. Ne5 Nbd7
9. d4 Nxe5 10. dxe5 Ne4 11. Nxe4 fxe4 12. c3 O-O-O 13. a4 Bc4 14. Rb1 Ba2 15.
Rb2 Bc4 16. b5 c5 17. Bh3+ Kb8 18. Qd2 g6 19. g4 h5 20. g5 Bg7 21. Qd1 Rhf8 22.
e3 e6 23. Rg1 Qd7 24. Rd2 Qc8 25. Qc2 a6 26. bxa6 Bxa6 27. Qb2 Qc6 28. Qa3 b5
29. Rb2 b4 30. cxb4 c4 31. Rgg2 c3 32. Rb3 Qc4 33. Rc2 Qd3 34. Rbxc3 Rc8 35.
Rxd3 Rxc2 36. Rd1 Re2+ 37. Kf1 Rxe3+ 38. Kf2 Rxa3 39. Bxa3 Rxf4+ 40. Kg3 Rf3+
41. Kg2 Rxa3 42. Bxe6 Ra2+ 43. Kg3 Bxe5+ 44. Kh4 Rxh2+ 45. Bh3 Bc8 46. Rxd5 Bxh3
47. Rxe5 Bg4+ 48. Kg3 Rh3+ 49. Kf2 Rf3+ 50. Kg2 Bh3+ 51. Kh2 e3 52. Re8+ Kc7 53.
Rg8 Bf5 54. b5 e2 55. Rg7+ Kd6 0-1

[Event "AUTO-INT-47"]
[Site "http://www.queenalice.com/game.php?id=31962"]
[Date "2005.10.6"]
[Round "1"]
[White "OharaLiChung"]
[Black "chermaine"]
[Result "1-0"]
[WhiteElo "1306"]
[BlackElo "1162"]

1. Nc3 e5 2. d3 Nf6 3. Bg5 h6 4. Bd2 d5 5. e4 d4 6. Nb5 a6 7. Na3 Bc5 8. b4 Bb6
9. Nc4 Ba7 10. Nxe5 O-O 11. g4 Re8 12. f4 1-0

[Event "AUTO-INT-47"]
[Site "http://www.queenalice.com/game.php?id=31963"]
[Date "2005.10.6"]
[Round "1"]
[White "chermaine"]
[Black "OharaLiChung"]
[Result "0-1"]
[WhiteElo "1137"]
[BlackElo "1316"]

1. e4 d5 2. exd5 Qxd5 3. Nc3 Qa5 4. d4 e5 5. Bb5+ Bd7 6. Bxd7+ Nxd7 7. dxe5 Bb4
8. Bd2 Nxe5 9. a3 Bd6 10. Ne4 Qd5 11. Nxd6+ Qxd6 0-1

[Event "AUTO-INT-47"]
[Site "http://www.queenalice.com/game.php?id=31964"]
[Date "2005.10.6"]
[Round "1"]
[White "OharaLiChung"]
[Black "Martineesch"]
[Result "1-0"]
[WhiteElo "1313"]
[BlackElo "1383"]

1. g3 Nf6 2. Nf3 d6 3. d3 g6 4. Ng5 Bg7 5. c3 O-O 6. Qb3 h6 7. Ne4 Nxe4 8. dxe4
Nc6 9. Be3 Na5 10. Qd5 c6 11. Qd2 Nc4 12. Qc2 Nxe3 13. fxe3 b5 14. Bg2 e5 15. b4
Be6 16. O-O Qb6 17. Qd3 Bc4 18. Qxd6 Bxe2 19. Qc5 Bxf1 20. Qxb6 axb6 21. Bxf1
Rfd8 22. a3 Rd1 23. Kg2 f5 24. exf5 gxf5 25. Be2 Rc1 26. Bd3 e4 27. Be2 Bxc3 28.
Ra2 1-0

[Event "AUTO-INT-47"]
[Site "http://www.queenalice.com/game.php?id=31965"]
[Date "2005.10.6"]
[Round "1"]
[White "Martineesch"]
[Black "OharaLiChung"]
[Result "0-1"]
[WhiteElo "1357"]
[BlackElo "1332"]

1. f4 g6 2. Nf3 f6 3. e3 b6 4. b3 c5 5. Bb2 Bb7 6. Bc4 d5 7. Bb5+ Bc6 8. a4 a6
9. Bd3 Bh6 10. O-O Qd7 11. Ng5 e5 12. fxe5 Bxg5 13. exf6 Nxf6 14. Bxf6 Bxf6 15.
Rxf6 Rf8 16. Qf3 Qe7 17. Rxf8+ Qxf8 18. Qxf8+ Kxf8 19. Nc3 d4 20. exd4 cxd4 21.
Ne2 Nd7 22. Nxd4 Ne5 23. Nxc6 Nxc6 24. Be4 Rc8 25. Bxc6 Rxc6 26. c4 b5 27. axb5
axb5 0-1

[Event "AUTO-ADV-93"]
[Site "http://www.queenalice.com/game.php?id=33980"]
[Date "2005.10.19"]
[Round "1"]
[White "bragchez"]
[Black "OharaLiChung"]
[Result "1-0"]
[WhiteElo "1370"]
[BlackElo "1320"]

1. e4 d5 2. d3 d4 3. Nf3 Bg4 4. g3 e6 5. Bg2 c5 6. Bf4 Bd6 7. e5 Bc7 8. O-O Nc6
9. Re1 Qd5 10. Nbd2 f6 11. c4 dxc3 12. bxc3 Nxe5 13. Qa4+ Qc6 14. Qc2 O-O-O 15.
Bxe5 Bxe5 16. Nxe5 Qe8 17. Qb3 fxe5 18. Qxb7# 1-0

[Event "AUTO-ADV-93"]
[Site "http://www.queenalice.com/game.php?id=33981"]
[Date "2005.10.19"]
[Round "1"]
[White "OharaLiChung"]
[Black "bragchez"]
[Result "0-1"]
[WhiteElo "1367"]
[BlackElo "1413"]

1. d4 Nf6 2. f3 g6 3. Bg5 Bg7 4. e4 d6 5. Bb5+ c6 6. Bc4 b5 7. Bb3 O-O 8. Ne2 d5
9. e5 Nh5 10. g4 Nf6 11. Qd3 Nxg4 12. h3 Bf5 13. Qc3 Nh6 14. Qc5 f6 15. Be3 Nd7
16. Qxc6 fxe5 17. Bxd5+ Kh8 18. Ng3 Rc8 19. Qxb5 Rxc2 20. Na3 Nb6 21. Nc4 Nxd5
22. Rc1 Nxe3 23. Nxe3 Rxc1+ 24. Nd1 Qxd4 25. Qe2 Bd3 26. Qd2 Rc2 0-1

[Event "AUTO-ADV-93"]
[Site "http://www.queenalice.com/game.php?id=33992"]
[Date "2005.10.19"]
[Round "1"]
[White "toxoq"]
[Black "OharaLiChung"]
[Result "1-0"]
[WhiteElo "1318"]
[BlackElo "1353"]

1. Nf3 Nc6 2. d4 e5 3. d5 e4 4. e3 exf3 5. dxc6 d5 6. Qxf3 Be6 7. cxb7 Rb8 8.
Ba6 Qd6 9. Bb5+ c6 10. Ba6 c5 11. Bb5+ Bd7 12. Nc3 Bxb5 13. Nxb5 Qe5 14. c4 Nf6
15. cxd5 Rxb7 16. Nc3 Bd6 17. Qh3 1-0

[Event "AUTO-ADV-93"]
[Site "http://www.queenalice.com/game.php?id=33993"]
[Date "2005.10.19"]
[Round "1"]
[White "OharaLiChung"]
[Black "toxoq"]
[Result "0-1"]
[WhiteElo "1336"]
[BlackElo "1335"]

1. g4 e5 2. Bg2 Nc6 3. e4 Bc5 4. Nh3 Nf6 5. Bf3 Nd4 6. c3 Nb5 7. d4 exd4 8. c4
Nd6 9. e5 Qe7 10. Bf4 Nxc4 11. Nd2 Nxd2 12. Qxd2 d5 13. b4 Bxb4 14. Rc1 Bxd2+
15. Kxd2 Bxg4 16. Bxg4 Nxg4 17. Bg5 Qxe5 0-1

[Event "AUTO-ADV-93"]
[Site "http://www.queenalice.com/game.php?id=34000"]
[Date "2005.10.19"]
[Round "1"]
[White "OharaLiChung"]
[Black "gniark"]
[Result "0-1"]
[WhiteElo "1371"]
[BlackElo "1747"]

1. c4 e5 2. Nf3 d6 3. d4 exd4 4. Nxd4 h6 5. e4 Nf6 6. f3 b6 7. Nc3 Ba6 8. Nd5
Nxd5 9. cxd5 Bxf1 10. Rxf1 Qh4+ 11. g3 Qxh2 12. Qa4+ Nd7 13. Nf5 g6 14. Bf4 gxf5
15. O-O-O Bg7 16. Qb5 fxe4 17. fxe4 a6 18. Qb3 Nc5 19. Qc2 Qxc2+ 20. Kxc2 O-O-O
21. Rfe1 Rhe8 22. b4 Nxe4 23. a4 Nf2 24. Rxe8 Rxe8 25. Rf1 Re2+ 26. Bd2 Ne4 27.
Kd3 Nxd2 28. Kxe2 Nxf1 0-1

[Event "AUTO-ADV-93"]
[Site "http://www.queenalice.com/game.php?id=34001"]
[Date "2005.10.19"]
[Round "1"]
[White "gniark"]
[Black "OharaLiChung"]
[Result "1-0"]
[WhiteElo "1604"]
[BlackElo "1342"]

1. d4 d5 2. c4 e5 3. dxe5 d4 4. Nf3 Nc6 5. Bg5 Nge7 6. Na3 h6 7. Bh4 Be6 8. Rc1
Rg8 9. Nb5 a6 10. Nbxd4 Nf5 11. Bxd8 Rxd8 12. e3 Bb4+ 13. Rc3 f6 14. exf6 gxf6
15. Qa4 Bxc4 16. Bxc4 Rxg2 17. Nxc6 Bxc3+ 18. bxc3 bxc6 19. Qxc6+ Rd7 20. Be6
Rg7 21. Bxf5 a5 22. Bxd7+ Rxd7 23. Rg1 1-0